| 000 | 00638nam a2200229Ia 4500 | ||
|---|---|---|---|
| 003 | OSt | ||
| 005 | 20221007071208.0 | ||
| 006 | a|||||r|||| 00| 0 | ||
| 007 | ta | ||
| 008 | 221006b |||||||| |||| 00| 0 eng d | ||
| 024 | _a16,851 | ||
| 037 | _cTextual | ||
| 040 |
_aFLL _cFLL _beng |
||
| 041 |
_2eng _aeng |
||
| 082 | _aY1:4:5, K9 | ||
| 100 |
_aCocq G.A. _9688289 |
||
| 245 | 0 |
_aCitizen participation _b doomed to extinction or last foothold of democracy? |
|
| 260 |
_aLondon _bA.W. Sijthoff England _c1969 |
||
| 300 |
_a278p _ccm. |
||
| 942 |
_hY1:4:5, K9 _cTEXL _2CC |
||
| 999 |
_c1142719 _d1142719 |
||